A negociaȯ̂ coletiva no serviȯ pb︢lico como corolr̀io do direito de sindicalizaȯ̂ e do direito de greve

Detalles Bibliográficos
Autor principal: Damian Cavalcanti, Alessandra
Formato: eBook
Lenguaje:portugués
Publicado: San Pablo: LTR, 2018
Materias:
Acceso en línea:Acceso restringido

MARC

LEADER 00000nam a22000007a 4500
005 20190103113016.0
007 cr|||| ||||
008 190103s2018 br |||||s|||| 00||0 por d
020 |a 978-85-361-9613-8 
035 |a 22705 
040 |a vLex 
090 |c 8419  |d 8419 
100 1 |a Damian Cavalcanti, Alessandra 
245 1 1 |a A negociaȯ̂ coletiva no serviȯ pb︢lico como corolr̀io do direito de sindicalizaȯ̂ e do direito de greve  |h [Recurso electrn̤ico] /  |c Alessandra Damian Cavalcanti 
256 |a Servicio en ln̕ea 
260 |a San Pablo:  |b LTR,  |c 2018 
300 |a 1 recurso electrn̤ico 
506 1 |a Disponible solo en los productos indicados  |d vLex Global  |d vLex Global (Academic Edition, excluding Law Schools)  |d vLex Global (U.S. Academic Edition, Law Schools)  |d vLex Global (U.S. Academic Edition, excluding Law Schools)  |d vLex Global (Academic Edition, Law Schools) 
650 0 4 |a Derecho Pb︢lico y Administrativo  |z Brasil 
740 0 |a vLex Libros (Servicio en ln̕ea) 
856 4 0 |u http://vlex.com/source/negocia-o-coletiva-servi-o-publico-corolario-direito-sindicaliza-o-direito-greve-22705  |z Acceso restringido 
942 |c BOOK 
999 0 |a Public and Administrative Law